000 00625nam a22002177a 4500
003 DO-SdBNP
005 20180216142333.0
008 161202b 1980 mx a 00| 0 spa d
020 _a9706110860 (volumen 1)
040 _aBPMSU
_bspa
_cBPMSU
082 4 _axxxxx
_bxxxxx
100 1 _aBosco Aurioles, Juan
245 1 _aComó funciona en el hogar /
_cJuan Bosco Aurioles
260 _aMéxico :
_bPromotora editorial,
_c1980.
300 _a79 p. :
_bil.,
_c26 cm.
490 1 _aCómo funciona
830 0 _aCómo funciona
942 _2ddc
_cBK
945 _aInventariado, 2018 / BT
956 _aBTAVÁREZ
_b10
_d20180216
_fBPMSU
_h0038
999 _c13306
_d13306